Detalles MARC
| 000 -LEADER |
| fixed length control field |
01990nam a2200193 a 4500 |
| 008 - CAMPO DE CONTROL (LIBRO) |
| fixed length control field |
180918s2015 ag ||||g||||| 00| 1|spa d |
| 020 ## - INTERNATIONAL STANDARD BOOK NUMBER |
| ISBN |
9789876992657 |
| 041 ## - CODIGO DE IDIOMA |
| Código de idioma del texto/pista de sonido o título separado |
spa |
| 092 ## - SIGNATURA TOPOGRAFICA DEWEY LOCAL |
| número de clasificación |
323 |
| libristica |
6 |
| sección |
BAR |
| 100 1# - ENTRADA PRINCIPAL--NOMBRE PERSONAL |
| Nombre personal |
Barcos de Surghi, Susana. |
| 9 (RLIN) |
4292 |
| 245 ## - TITULO PROPIAMENTE DICHO |
| Título |
Corredores de la memoria. |
| Subtítulo y Título paralelo |
Del Campo de la Ribera a los juicios / |
| Mención de responsabilidad y remanente de la transcripción de la portada |
Susana Barco de Surghi |
| 250 ## - MENCION DE EDICION |
| Mención de edición |
1a ed. |
| 260 ## - PIE DE IMPRENTA |
| Lugar de publicación, distribución, etc |
Córdoba: |
| Nombre de la editorial, distribuidor, etc |
EDUVIM; |
| Fecha de publicación |
2015. |
| 300 ## - DESCRIPCION FISICA |
| Extension |
152 p. |
| Dimensiones |
155x220 mm. |
| 500 ## - NOTA GENERAL |
| Nota general |
Barco de Surghi, S. (2015). Corredores de la memoria. Del Campo de la Ribera a los juicios. (1a ed.). Córdoba : EDUVIM. |
| 505 ## - NOTA DE CONTENIDO |
| Nota de contenido formateada |
En este libro, de una manera intimista y sin una secuencia lineal, la autora recorre sus días como presa política en el Campo de la Ribera y en la UP1 de Córdoba, narrando episodios vividos junto a sus compañeras de cautiverio; entretejidos con reflexiones no exentas de humor e ironía, en los que se destacan la solidaridad y la creatividad como elementos esenciales para resistir y no enloquecer. Según Laura Devetach, autora del prólogo que acompaña a la presente edición, "A través de la escritura se va dando cuenta de la construcción, con migajas, de la vida cotidiana como un conjunto de pequeños actos poéticos". La memoria registra las experiencias mediante un lenguaje que linda lo literario para acercar a los lectores a una historia, en realidad, carente de poesía, saturada de violencia, desolación y desarraigo, no simbólicos, sino atravesando las esferas de lo corporal, lo psíquico y lo espiritual. "Es que la palabra es un atributo humano, entonces, ¿cómo volver palabra lo inhumano", reflexiona Barco. La obra culmina con la declaración de la autora en la Megacausa La Perla, testimonio público de lo vivido durante el oscurantismo de aquellos años, memoria que se torna, en ese hecho, responsabilidad social, pues posibilita la justicia, indispensable en el camino hacia una sociedad igualitaria. |
| 655 ## - MATERIA - GENERO/FORMA |
| Género/Forma |
Literatura |
| -- |
2917 |
| 942 ## - ADDED ENTRY ELEMENTS (KOHA) |
| Source of classification or shelving scheme |
Dewey Decimal Classification |
| Item type |
LITERATURA |